England Players to Play for a Different Nation - Statistics

General Stats
  • This quiz has been taken 10 times
  • The average score is 9 of 96
Answer Stats
Levels Played at for England Other Nation Year of Debut for Other Nation Player % Correct
Senior Ireland 2018 Declan Rice
71%
U19 Wales 1998 Andy Johnson
43%
U16, U17 Wales 2020 Brennan Johnson
43%
Senior Sierra Leone 2021 Steven Caulker
43%
U17, U18 New Zealand 2010 Tommy Smith
43%
Senior Ivory Coast 2017 Wilfried Zaha
43%
U19, U20 Chile 2021 Ben Brereton-Diaz
29%
U17, U19, U21 Australia 2014 Brad Smith
29%
U21 Scotland 2009 Danny Fox
29%
U15, U16, U17, U21 Germany 2021 Jamal Musiala
29%
U16, U17, U19, U20, U21 Scotland 2023 Angus Gunn
14%
U20, U21 DR Congo 2024 Axel Tuanzebe
14%
U16, U17,U19, U21 DR Congo 2017 Benik Afobe
14%
Senior Wales 1906 Bob Evans
14%
U16, U17, U19, U20, U21 Ireland 2018 Callum Robinson
14%
U21 Guyana 2011 Carl Cort
14%
U20 Wales 2017 David Brooks
14%
U18, U19, U20, U21 Jamaica 2023 Demarai Gray
14%
U18, U19, U20, U21 Antigua & Barbuda 2012 Dexter Blackstock
14%
U19, U21 Scotland 2000 Dominic Matteo
14%
U15, U16 Wales 2017 Ethan Ampadu
14%
U17, U18, U20, U21 USA 2023 Folarin Balogun
14%
U20 Burundi 2015 Gael Bigirimana
14%
U17, U18, U19, U20 Trinidad & Tobago 2014 Gavin Hoyte
14%
U17, U18, U19, U20 Scotland 2025 George Hirst
14%
U21 Bangladesh 2025 Hamza Choudhury
14%
U16, U17, U18, U19, U20 Colombia 2023 Ian Poveda
14%
Senior Zambia 1964 Jackie Sewell
14%
U17, U18 Antigua & Barbuda 2012 James Walker
14%
U15, U16, U17, U18, U19 Northern Ireland 2025 Jamie Donley
14%
U20, U21 Jamaica 2004 Jason Euell
14%
U16, U17, U18 Ecuador 2021 Jeremy Sarmiento
14%
U19, U20, U21 Trinidad & Tobago 2009 Jlloyd Samuel
14%
U16, U17, U18, U20 Jamaica 2023 Joel Latibeaudiere
14%
U16, U17, U18 Barbados 2008 Jonathan Forte
14%
U17, U19, U20, U21 Trinidad & Tobago 2013 Justin Hoyte
14%
Senior New Zealand 1958 Ken Armstrong
14%
U19, U20 Scotland 2012 Matt Phillips
14%
U16, U17, U18, U19, U21 Seychelles 2022 Michael Mancienne
14%
U17 New Zealand 2009 Rory Fallon
14%
U16, U17, U18, U19, U20, U21 Burundi 2018 Saido Berahino
14%
U21 Nigeria 2012 Shola Ameobi
14%
U18, U19, U20, U21 Ghana 2022 Tariq Lamptey
14%
U16, U17, U19, U21 Ireland 2021 Will Keane
14%
U15, U16, U18 Montserrat 2023 Abraham Dorsett
0%
U21 Saint Kitts & Nevis 2004 Adam Newton
0%
U19, U20, U21 Nigeria 2022 Ademola Lookman
0%
U21 Wales 1996 Andy Marriott
0%
U18, U21 Ireland 2001 Andy O'Brien
0%
U15, U16 Cameroon 2023 Ben Elliott
0%
U21 Wales 2004 Ben Thatcher
0%
U16, U17, U18, U19 Jamaica 2021 Blair Turgott
0%
U18, U19, U20 Wales 2008 Boaz Myhill
0%
U17 Luxembourg 2025 Brian Madjo
0%
U16, U17, U19, U20, U21 Gambia 2008 Cherno Samba
0%
U16, U17, U18 New Zealand 2006 Chis James
0%
U17, U18, U19, U20 Ireland 2011 Ciaran Clark
0%
U15, U16 Timor-Leste 2024 Claudio Osorio
0%
U15, U16, U17 Jamaica 2023 Coniah Boyce-Clarke
0%
U16, U17 Ireland 1999 Dean Kiely
0%
U16, U17, U18, U19, U20 Pakistan 2023 Easah Suliman
0%
U16, U17 Ghana 2013 Emmanuel Frimpong
0%
U16, U17, U18, U19, U20 Saint Kitts & Nevis 2015 Febian Brandy
0%
U16, U17, U19 Germany 2023 Felix Nmecha
0%
U20, U21 DR Congo 2023 Grady Diangana
0%
U16, U17, U18, U19 Barbados 2018 Hallam Hope
0%
U19, U20 Wales 2010 Hal Robson-Kanu
0%
Senior Wales 1876 Hawley Edwards
0%
U17, U18, U20 Canada 2022 Ike Ugbo
0%
U15 Northern Ireland 2023 Isaac Price
0%
Senior Ireland 1890 Jack Reynolds
0%
U17, U18, U19, U20 Scotland 2008 James Morrison
0%
U16, U17, U18, U19, U20, U21 Wales 2024 Jay Dasilva
0%
U20, U21 Scotland 2007 Jay McEveley
0%
U20 Ireland 2004 Jon Macken
0%
U16, U17, U18, U21 Jamaica 2022 Jordan Cousins
0%
U20 Wales 2023 Jordan James
0%
U16 Ireland 2019 Josh Cullen
0%
U17, U18, U19 Barbados 2018 Krystian Pearce
0%
U16 Saint Kitts & Nevis 2024 Kyle Kelly
0%
U16, U17, U19, U20, U21 Northern Ireland 2011 Lee Camp
0%
U17, U21 Jamaica 2021 Liam Moore
0%
U16, U17, U18, U19, U20, U21 Germany 2021 Lukas Nmecha
0%
U19, U20 Northern Ireland 2022 Luke Southwood
0%
U15 Ireland 2024 Mark McGuiness
0%
U16, U17, U19, U20, U21 Guyana 2015 Matthew Briggs
0%
U16, U17, U18, U19 Antigua & Barbuda 2014 Myles Weston
0%
U16, U18, U21 Scotland 2004 Nigel Quashie
0%
U15, U16, U17 Liberia 2023 Nohan Kenneh
0%
U15 Zambia 2021 Ntazana Mayembe
0%
U16, U17 Northern Ireland 2010 Ollie Norwood
0%
U15 Wales 2018 Rabbi Matondo
0%
U16, U17, U18, U21 Jamaica 2020 Ravel Morrison
0%
U16, U17, U18, U19 Malta 2016 Sam Magri
0%
U16, U17, U18, U19, U21 Nigeria 2012 Victor Moses
0%
U15, U16, U17, U18, U19, U21 USA 2020 Yunus Musah
0%
No matching quizzes found
Score Distribution
Percent of People with Each Score
Percentile by Number Answered
Your Score History
You have not taken this quiz